[Event "aut_ychg1618 Bad Ischl"]
[Site "?"]
[Date "2007.04.02"]
[Round "4.6"]
[White "Steininger, Sandra"]
[Black "Buchner, Judith"]
[Result "0-1"]
[WhiteElo "1582"]
[BlackElo "1648"]
[PlyCount "76"]
[EventDate "2007.03.31"]

1. d4 d5 2. c4 c6 3. Nc3 Nf6 4. Bg5 e6 5. Nf3 Nbd7 6. e3 a6 7. Be2 b5 8. cxd5
cxd5 9. O-O Be7 10. Rc1 Bb7 11. Nd2 O-O 12. Nb3 Rc8 13. Qd3 Qb6 14. Rc2 Rc6 15.
Rfc1 Rfc8 16. Bd1 h6 17. Bh4 Ba8 18. Ne2 Bd6 19. Rxc6 Rxc6 20. Rxc6 Qxc6 21.
Qc2 Qc4 22. Qxc4 dxc4 23. Nd2 Ne4 24. Nxe4 Bxe4 25. Nc3 Bc6 26. Bg3 Bxg3 27.
hxg3 Nf6 28. Bf3 Bxf3 29. gxf3 Kf8 30. e4 Ke7 31. Kf1 Kd7 32. Ke2 Kc6 33. a3 a5
34. Kd2 b4 35. axb4 axb4 36. Na2 Kb5 37. Kd1 Ka4 38. Kd2 Kb3 0-1

[Event "aut_ychg1618 Bad Ischl"]
[Site "?"]
[Date "2007.04.02"]
[Round "4.7"]
[White "Reder, Lisa"]
[Black "Froewis, Annika"]
[Result "0-1"]
[WhiteElo "1512"]
[BlackElo "1785"]
[PlyCount "80"]
[EventDate "2007.03.31"]

1. e4 e5 2. Nf3 Nc6 3. Bb5 a6 4. Ba4 Nf6 5. O-O b5 6. Bb3 Bc5 7. Re1 d6 8. h3
O-O 9. c3 Re8 10. Bc2 Bb6 11. d4 Bb7 12. d5 Ne7 13. Nbd2 Ng6 14. Nf1 Nh5 15. a4
Nhf4 16. axb5 axb5 17. Rxa8 Qxa8 18. Ng3 Bc8 19. Ne2 Qa7 20. Rf1 Nxh3+ 21. gxh3
Bxh3 22. Ng3 Bxf1 23. Qxf1 f6 24. Bd3 Rb8 25. Nh1 Qa4 26. Kg2 Kf7 27. Qe2 b4
28. c4 Bc5 29. Bc2 Qd7 30. Nh2 Bd4 31. Ng3 Bxb2 32. Bd2 b3 33. Bd3 Bd4 34. Nf5
Bc5 35. Qf1 Ra8 36. Qb1 Ra2 37. Be3 Bxe3 38. Nxe3 Nf4+ 39. Kg1 Qa4 40. Nd1 Ra1
0-1

[Event "aut_ychg1618 Bad Ischl"]
[Site "?"]
[Date "2007.04.02"]
[Round "4.8"]
[White "Posch, Stefanie"]
[Black "Kirchmair, Katharina"]
[Result "1-0"]
[WhiteElo "1424"]
[BlackElo "1294"]
[PlyCount "73"]
[EventDate "2007.03.31"]

1. d4 d5 2. Nf3 Nf6 3. Bf4 Bf5 4. e3 a6 5. c4 e6 6. Qb3 b6 7. Nbd2 Be7 8. Rc1
Nbd7 9. cxd5 exd5 10. Rxc7 O-O 11. Rc3 Qe8 12. Ne5 Bd8 13. Nc6 Qe6 14. Nf3 h6
15. Be2 Be7 16. Nxe7+ Qxe7 17. Rc6 Rfc8 18. Rxc8+ Rxc8 19. O-O a5 20. Bb5 Qe6
21. Ne5 Nf8 22. h3 Bxh3 23. gxh3 Qxh3 24. Qd1 Qf5 25. Bg3 Ne4 26. Qf3 Qe6 27.
Rd1 Ng5 28. Qg4 f5 29. Qe2 g6 30. f4 Ne4 31. Qg2 Nd6 32. Ba4 b5 33. Bc2 Nd7 34.
Nxd7 Qxd7 35. Qxd5+ Kf8 36. Bd3 Qe7 37. Bf2 1-0

[Event "aut_ychg1618 Bad Ischl"]
[Site "?"]
[Date "2007.04.02"]
[Round "5.1"]
[White "Mayer, Michaela"]
[Black "Exler, Veronika"]
[Result "0-1"]
[WhiteElo "1604"]
[BlackElo "1899"]
[PlyCount "66"]
[EventDate "2007.03.31"]

1. d4 Nf6 2. Bg5 c5 3. Nf3 Qb6 4. b3 Ne4 5. dxc5 Qxc5 6. Be3 Qb4+ 7. Bd2 Nxd2
8. Qxd2 Nc6 9. e3 g6 10. a3 Qxd2+ 11. Nbxd2 Bg7 12. Rb1 O-O 13. Bc4 b6 14. O-O
Bb7 15. b4 Rac8 16. Bd5 Nd8 17. Bxb7 Nxb7 18. Rfc1 Rc3 19. Nb3 Rfc8 20. Nfd4
Nd6 21. Rb2 Bxd4 22. exd4 Nb5 23. a4 Na3 24. Na1 R8c4 25. d5 Rd4 26. Rb3 Rxb3
27. Nxb3 Rxb4 28. Nd2 Rd4 29. Nf3 Rxd5 30. Kf1 Nc4 31. Ke2 f6 32. c3 Kf7 33.
Nd4 Ra5 0-1

[Event "aut_ychg1618 Bad Ischl"]
[Site "?"]
[Date "2007.04.02"]
[Round "5.2"]
[White "Konrad, Jasmin"]
[Black "Bauer, Marie-Christine"]
[Result "0-1"]
[WhiteElo "1593"]
[BlackElo "1701"]
[PlyCount "96"]
[EventDate "2007.03.31"]

1. d4 d5 2. Bf4 Nf6 3. e3 Bf5 4. Bd3 Bxd3 5. Qxd3 e6 6. Qb5+ Nbd7 7. Qxb7 Rb8
8. Qxc7 Qxc7 9. Bxc7 Rxb2 10. c3 Ne4 11. Ne2 Be7 12. f3 Nd6 13. Bxd6 Bxd6 14.
Kf2 O-O 15. g3 Nb6 16. Rd1 Nc4 17. e4 f6 18. Re1 Rfb8 19. Rd1 R8b5 20. a4 Rb8
21. Re1 R8b3 22. Rd1 Bc7 23. exd5 exd5 24. f4 Ba5 25. Rc1 Kf7 26. Kf3 Rxb1 27.
Rcxb1 Rxb1 28. Rxb1 Nd2+ 29. Ke3 Nxb1 30. Kd3 Na3 31. h4 Nc4 32. Kc2 Ke6 33.
Nc1 Kf5 34. Nd3 Kg4 35. Nb4 Bxb4 36. cxb4 Kxg3 37. b5 Kxf4 38. Kb3 Ke4 39. Kc3
f5 40. Kb4 f4 41. a5 Nxa5 42. Kxa5 f3 43. Ka6 f2 44. Kxa7 f1=Q 45. b6 Qa1+ 46.
Kb8 Kxd4 47. b7 Qb2 48. Kc7 Ke5 0-1

[Event "aut_ychg1618 Bad Ischl"]
[Site "?"]
[Date "2007.04.02"]
[Round "5.3"]
[White "Buchner, Judith"]
[Black "Anker, Christin"]
[Result "1/2-1/2"]
[WhiteElo "1648"]
[BlackElo "1593"]
[PlyCount "44"]
[EventDate "2007.03.31"]

1. e4 e5 2. Nf3 Nc6 3. Bc4 Bc5 4. c3 Nf6 5. d4 exd4 6. cxd4 Bb4+ 7. Bd2 Bxd2+
8. Nbxd2 d5 9. exd5 Nxd5 10. Qb3 Na5 11. Qa4+ Nc6 12. Qb3 Nce7 13. O-O O-O 14.
Rfe1 Nb6 15. Bd3 h6 16. Nc4 Be6 17. Qc2 Nxc4 18. Bxc4 Bxc4 19. Qxc4 Nf5 20. Re5
Nd6 21. Qb3 Qf6 22. Qd3 Rad8 1/2-1/2

[Event "aut_ychg1618 Bad Ischl"]
[Site "?"]
[Date "2007.04.02"]
[Round "5.4"]
[White "Bauer, Valentina"]
[Black "Mosshammer, Maria"]
[Result "1/2-1/2"]
[WhiteElo "1547"]
[BlackElo "1535"]
[PlyCount "42"]
[EventDate "2007.03.31"]

1. e4 e5 2. Nf3 Nc6 3. d4 exd4 4. Nxd4 d6 5. Nxc6 bxc6 6. Nc3 Nf6 7. Bg5 Be7 8.
Bd3 Nxe4 9. Bxe7 Nxc3 10. Bxd8 Nxd1 11. Bxc7 Nxb2 12. Bxd6 Nxd3+ 13. cxd3 Bf5
14. d4 Kd7 15. Bc5 Rhe8+ 16. Kd2 a6 17. Rhe1 Be6 18. a3 Rab8 19. Rab1 Kc7 20.
Rxb8 Rxb8 21. Kc2 Kd7 1/2-1/2

[Event "aut_ychg1618 Bad Ischl"]
[Site "?"]
[Date "2007.04.02"]
[Round "5.5"]
[White "Kessler, Michaela"]
[Black "Posch, Stefanie"]
[Result "1-0"]
[WhiteElo "1619"]
[BlackElo "1424"]
[PlyCount "61"]
[EventDate "2007.03.31"]

1. e4 d5 2. exd5 Qxd5 3. Nc3 Qa5 4. d4 c6 5. Bd3 Nf6 6. h3 Bf5 7. Bf4 Bxd3 8.
Qxd3 e6 9. Nge2 Be7 10. O-O-O Nbd7 11. Kb1 Nd5 12. Nxd5 cxd5 13. Qg3 g6 14. Rd3
Rc8 15. Bh6 Qc7 16. Rc3 Nc5 17. Qxc7 Rxc7 18. dxc5 Rxc5 19. Rxc5 Bxc5 20. Bg7
Rg8 21. Bd4 Bxd4 22. Nxd4 Ke7 23. Re1 Rc8 24. f4 Kf6 25. c3 a6 26. Kc2 Re8 27.
Kd3 Re7 28. g4 Re8 29. Re5 h6 30. Nf3 Rg8 31. h4 1-0

[Event "aut_ychg1618 Bad Ischl"]
[Site "?"]
[Date "2007.04.02"]
[Round "5.6"]
[White "Froewis, Annika"]
[Black "Kainz, Andrea"]
[Result "1/2-1/2"]
[WhiteElo "1785"]
[BlackElo "1585"]
[PlyCount "41"]
[EventDate "2007.03.31"]

1. e4 e5 2. Nf3 Nc6 3. d4 exd4 4. Bc4 Nf6 5. e5 d5 6. Bb5 Nd7 7. Bxc6 bxc6 8.
Qxd4 Bc5 9. Qd3 h6 10. O-O O-O 11. Nbd2 Re8 12. Re1 Bb6 13. b3 Nc5 14. Qe2 Be6
15. Bb2 Qd7 16. Nd4 Rad8 17. Rad1 Kh8 18. Kh1 Kg8 19. h3 Kh8 20. Kg1 Kg8 21.
Kh1 1/2-1/2

[Event "aut_ychg1618 Bad Ischl"]
[Site "?"]
[Date "2007.04.02"]
[Round "5.7"]
[White "Steininger, Barbara"]
[Black "Reder, Lisa"]
[Result "1-0"]
[WhiteElo "1501"]
[BlackElo "1512"]
[PlyCount "45"]
[EventDate "2007.03.31"]

1. e4 e5 2. Nf3 Nc6 3. d4 exd4 4. Nxd4 Qh4 5. Nc3 Bb4 6. Be2 Qxe4 7. Nxc6 Bxc3+
8. bxc3 Qxc6 9. O-O Qxc3 10. Rb1 Ne7 11. Bb2 Qa5 12. Bxg7 Rg8 13. Bf6 Qxa2 14.
Bd3 Qd5 15. g3 Ng6 16. Re1+ Kf8 17. Qd2 Qh5 18. Qe3 Ne5 19. Bxe5 d6 20. Bf6 Be6
21. Rxb7 Rc8 22. Reb1 c6 23. Rb8 1-0

[Event "aut_ychg1618 Bad Ischl"]
[Site "?"]
[Date "2007.04.02"]
[Round "5.8"]
[White "Kirchmair, Katharina"]
[Black "Moser, Evelyn"]
[Result "0-1"]
[WhiteElo "1294"]
[BlackElo "1489"]
[PlyCount "62"]
[EventDate "2007.03.31"]

1. e4 e5 2. Nf3 Nc6 3. Bc4 Bc5 4. Nc3 d6 5. h3 Nge7 6. d3 a6 7. a3 b5 8. Bb3
Bb7 9. O-O O-O 10. Be3 Nd4 11. Nd5 Nxb3 12. Nxe7+ Qxe7 13. cxb3 Bb6 14. Qe1 f5
15. Bg5 Qf7 16. Nd2 Qh5 17. Nf3 Qg6 18. a4 fxe4 19. Nd2 e3 20. fxe3 Qxg5 21.
Rf2 Bxe3 22. Ne4 Bxe4 23. dxe4 Qg3 24. Kh1 Rxf2 25. Qg1 Raf8 26. axb5 axb5 27.
Rb1 Rd2 28. Qh2 Qxh2+ 29. Kxh2 Rff2 30. Rc1 Rxg2+ 31. Kh1 Rh2# 0-1

[Event "aut_ychg1618 Bad Ischl"]
[Site "?"]
[Date "2007.04.03"]
[Round "6.1"]
[White "Exler, Veronika"]
[Black "Bauer, Marie-Christine"]
[Result "1/2-1/2"]
[WhiteElo "1899"]
[BlackElo "1701"]
[PlyCount "44"]
[EventDate "2007.03.31"]

1. e4 e6 2. d4 d5 3. Bd3 dxe4 4. Bxe4 Nf6 5. Bf3 c5 6. Ne2 Nc6 7. Be3 Nd5 8.
O-O Nxe3 9. fxe3 Qc7 10. c3 Bd6 11. h3 O-O 12. Na3 a6 13. Nc4 Be7 14. Kh1 b6
15. Nf4 Bb7 16. d5 Rad8 17. Qe2 Ne5 18. Nxe5 Qxe5 19. dxe6 Bxf3 20. exf7+ Rxf7
21. Rxf3 Bd6 22. g3 Rdf8 1/2-1/2

[Event "aut_ychg1618 Bad Ischl"]
[Site "?"]
[Date "2007.04.03"]
[Round "6.2"]
[White "Anker, Christin"]
[Black "Kessler, Michaela"]
[Result "1/2-1/2"]
[WhiteElo "1593"]
[BlackElo "1619"]
[PlyCount "35"]
[EventDate "2007.03.31"]

1. e4 c6 2. d4 d5 3. e5 Bf5 4. h4 h5 5. Ne2 e6 6. Ng3 Bg6 7. Nd2 c5 8. c3 cxd4
9. cxd4 Qa5 10. Qb3 Qb6 11. Qxb6 axb6 12. Nf3 Nc6 13. a3 Nb4 14. Bb5+ Kd8 15.
O-O Nc2 16. Ra2 Nb4 17. Ra1 Nc2 18. Ra2 1/2-1/2

[Event "aut_ychg1618 Bad Ischl"]
[Site "?"]
[Date "2007.04.03"]
[Round "6.3"]
[White "Bauer, Valentina"]
[Black "Buchner, Judith"]
[Result "1-0"]
[WhiteElo "1547"]
[BlackElo "1648"]
[PlyCount "125"]
[EventDate "2007.03.31"]

1. e4 c6 2. d4 d5 3. exd5 cxd5 4. Bd3 Nc6 5. c3 Nf6 6. Bg5 e6 7. Nf3 h6 8. Bh4
Be7 9. O-O O-O 10. Nbd2 Bd7 11. Qc2 Rc8 12. Rfe1 a6 13. a3 Ne8 14. Bxe7 Qxe7
15. Nb3 Nf6 16. Nc5 Rb8 17. b4 Na7 18. a4 Be8 19. Ne5 Nd7 20. Nexd7 Bxd7 21. h3
Nc8 22. Reb1 Be8 23. Qb3 Nb6 24. a5 Nd7 25. Nxd7 Bxd7 26. b5 Qd6 27. bxa6 bxa6
28. Qa3 Rxb1+ 29. Bxb1 Qxa3 30. Rxa3 Bb5 31. Rb3 Rc8 32. f3 Kf8 33. Kf2 Ke7 34.
g3 Kd6 35. Ke3 Kc7 36. Bd3 Rb8 37. Kd2 Bxd3 38. Rxb8 Kxb8 39. Kxd3 Kc7 40. c4
dxc4+ 41. Kxc4 Kc6 42. Kb4 Kd5 43. Kc3 f6 44. Kd3 g6 45. Kc3 Kc6 46. Kc4 Kd6
47. f4 g5 48. h4 gxf4 49. gxf4 h5 50. f5 exf5 51. Kd3 Kd5 52. Ke3 Kc4 53. Kf4
Kxd4 54. Kxf5 Kc5 55. Kxf6 Kb5 56. Kg5 Kxa5 57. Kxh5 Kb4 58. Kg5 a5 59. h5 a4
60. h6 Kb3 61. h7 a3 62. h8=Q Ka2 63. Qc3 1-0

[Event "aut_ychg1618 Bad Ischl"]
[Site "?"]
[Date "2007.04.03"]
[Round "6.4"]
[White "Mosshammer, Maria"]
[Black "Steininger, Barbara"]
[Result "1/2-1/2"]
[WhiteElo "1535"]
[BlackElo "1501"]
[PlyCount "84"]
[EventDate "2007.03.31"]

1. e4 d6 2. d4 Nf6 3. Nc3 g6 4. Nf3 Bg7 5. g3 O-O 6. Bg2 c6 7. Be3 Bg4 8. Qd2
Nbd7 9. Bh6 Bxf3 10. Bxf3 c5 11. Bxg7 Kxg7 12. Rd1 Rb8 13. Ne2 a6 14. dxc5 Nxc5
15. Qc3 e5 16. Qe3 Qa5+ 17. c3 Rfd8 18. b4 Qxa2 19. bxc5 dxc5 20. Rxd8 Rxd8 21.
O-O Qc4 22. Nc1 b5 23. Rd1 Rxd1+ 24. Bxd1 Qxe4 25. Qxe4 Nxe4 26. Na2 Nd2 27. h4
f5 28. f3 a5 29. Kf2 Kf6 30. Be2 b4 31. cxb4 axb4 32. Bd1 b3 33. Nc3 b2 34. Bc2
Nc4 35. Nb1 Ke6 36. Bb3 Kd5 37. Nd2 Kd4 38. Bxc4 b1=Q 39. Nxb1 Kxc4 40. Ke3 Kd5
41. Nc3+ Kc4 42. Ne2 Kd5 1/2-1/2

[Event "aut_ychg1618 Bad Ischl"]
[Site "?"]
[Date "2007.04.03"]
[Round "6.5"]
[White "Moser, Evelyn"]
[Black "Froewis, Annika"]
[Result "0-1"]
[WhiteElo "1489"]
[BlackElo "1785"]
[PlyCount "116"]
[EventDate "2007.03.31"]

1. d4 Nf6 2. Nf3 c5 3. e3 e6 4. b3 b6 5. Bb2 Bb7 6. Nbd2 d5 7. c4 Bd6 8. g3 O-O
9. Bg2 Nc6 10. O-O Qe7 11. Rc1 Rac8 12. Re1 Nb4 13. Qe2 Nxa2 14. Ra1 Nb4 15.
Rxa7 Bb8 16. Ra4 Bc6 17. Ra3 Nc2 18. Rc1 Nxa3 19. Bxa3 Bd6 20. Ne1 cxd4 21.
Bxd6 Qxd6 22. exd4 dxc4 23. Bxc6 Rxc6 24. Rxc4 Rfc8 25. Nef3 Rxc4 26. bxc4 h6
27. Nb3 Qb4 28. Nfd2 Nd7 29. Qe4 Rxc4 30. Nxc4 Qxb3 31. Qa8+ Nf8 32. Ne3 b5 33.
d5 Qb1+ 34. Kg2 Qe4+ 35. Kg1 b4 36. Qa5 b3 37. Qd2 Qb1+ 38. Qd1 Qxd1+ 39. Nxd1
exd5 40. Kf1 Ne6 41. Ke2 Nc5 42. f3 d4 43. Nb2 Kf8 44. Kd2 Ke7 45. Nd1 Kd6 46.
Nb2 Kd5 47. Ke2 Kc6 48. Kd2 Kb5 49. Kc1 Kb4 50. Kd2 Ka3 51. Nc4+ Ka2 52. Kc1 d3
53. h4 h5 54. g4 hxg4 55. fxg4 Ne4 56. g5 d2+ 57. Nxd2 Nxd2 58. Kxd2 b2 0-1

[Event "aut_ychg1618 Bad Ischl"]
[Site "?"]
[Date "2007.04.03"]
[Round "6.6"]
[White "Kainz, Andrea"]
[Black "Konrad, Jasmin"]
[Result "1/2-1/2"]
[WhiteElo "1585"]
[BlackElo "1593"]
[PlyCount "81"]
[EventDate "2007.03.31"]

1. e4 e5 2. Nf3 Nc6 3. Bc4 Bc5 4. d3 Nf6 5. Bg5 h6 6. Bh4 g5 7. Bg3 d6 8. h3
Qe7 9. Nc3 Be6 10. Bxe6 Qxe6 11. a3 O-O-O 12. Qd2 Nd4 13. Nxd4 Bxd4 14. O-O-O
Bxc3 15. Qxc3 Nh5 16. Kb1 Nxg3 17. fxg3 f5 18. exf5 Qxf5 19. Rhf1 Qe6 20. g4
Rhf8 21. Rde1 Qd5 22. Qd2 a6 23. Qe2 Rde8 24. Rxf8 Rxf8 25. Rf1 Rf7 26. Rxf7
Qxf7 27. Qf3 Qf4 28. Qxf4 exf4 29. Kc1 Kd7 30. Kd2 Ke6 31. d4 b6 32. Kd3 d5 33.
b4 Kd6 34. a4 c5 35. dxc5+ bxc5 36. c3 Kc6 37. Kd2 d4 38. Kd3 dxc3 39. Kxc3
cxb4+ 40. Kxb4 Kb6 41. a5+ 1/2-1/2

[Event "aut_ychg1618 Bad Ischl"]
[Site "?"]
[Date "2007.04.03"]
[Round "6.7"]
[White "Steininger, Sandra"]
[Black "Mayer, Michaela"]
[Result "1/2-1/2"]
[WhiteElo "1582"]
[BlackElo "1604"]
[PlyCount "35"]
[EventDate "2007.03.31"]

1. d4 d5 2. c4 e6 3. Nc3 Nf6 4. Bg5 Be7 5. e3 Nbd7 6. Nf3 h6 7. Bh4 O-O 8. Bd3
b6 9. O-O Bb7 10. cxd5 Nxd5 11. Bxe7 Qxe7 12. Rc1 c5 13. Bb5 cxd4 14. Nxd4 Nc5
15. Nxd5 Bxd5 16. Bc6 Bxc6 17. Nxc6 Qc7 18. Nd4 1/2-1/2

[Event "aut_ychg1618 Bad Ischl"]
[Site "?"]
[Date "2007.04.03"]
[Round "6.8"]
[White "Reder, Lisa"]
[Black "Kirchmair, Katharina"]
[Result "1/2-1/2"]
[WhiteElo "1512"]
[BlackElo "1294"]
[PlyCount "50"]
[EventDate "2007.03.31"]

1. e4 e5 2. Nf3 Nc6 3. Bb5 Nf6 4. Bxc6 dxc6 5. Nxe5 Qe7 6. d4 Nxe4 7. O-O f6 8.
Qh5+ g6 9. Nxg6 Qf7 10. Nf4 Qxh5 11. Nxh5 Bg4 12. Nf4 Bf5 13. Re1 O-O-O 14. c3
Rg8 15. Nd2 Ng5 16. Nh5 Rg6 17. Nb3 Nf3+ 18. Kf1 Nxe1 19. Kxe1 Re8+ 20. Be3 Bh6
21. Kf1 Bd3+ 22. Kg1 Reg8 23. Ng3 f5 24. Nc5 Bb5 25. Bxh6 b6 1/2-1/2

[Event "aut_ychg1618 Bad Ischl"]
[Site "?"]
[Date "2007.04.04"]
[Round "7.1"]
[White "Exler, Veronika"]
[Black "Bauer, Valentina"]
[Result "1-0"]
[WhiteElo "1899"]
[BlackElo "1547"]
[PlyCount "79"]
[EventDate "2007.03.31"]

1. e4 e6 2. d4 d5 3. Nc3 dxe4 4. Nxe4 Nd7 5. Nf3 Ngf6 6. Bd3 Be7 7. O-O O-O 8.
c3 b6 9. Re1 Bb7 10. Ng3 Rc8 11. Bc2 c5 12. Qd3 c4 13. Qe2 Qc7 14. Bd2 Rfe8 15.
Rad1 b5 16. Bb1 Nb6 17. Bg5 Nbd5 18. Qc2 g6 19. Ne5 Kg7 20. h4 Bd6 21. h5 Bxe5
22. dxe5 Ng8 23. Rd4 Nge7 24. hxg6 Nxg6 25. Nh5+ Kf8 26. Nf6 Nxf6 27. Bxf6 Red8
28. Rxd8+ Rxd8 29. Bxd8 Qxd8 30. Qc1 Qd5 31. Be4 Qd7 32. Rd1 Qc7 33. Qh6+ Ke7
34. Qg5+ Kf8 35. Qf6 Bd5 36. Bxd5 exd5 37. Rxd5 Ne7 38. Qd6 Qb7 39. Qd8+ Kg7
40. Rd7 1-0

[Event "aut_ychg1618 Bad Ischl"]
[Site "?"]
[Date "2007.04.04"]
[Round "7.2"]
[White "Bauer, Marie-Christine"]
[Black "Anker, Christin"]
[Result "1-0"]
[WhiteElo "1701"]
[BlackElo "1593"]
[PlyCount "29"]
[EventDate "2007.03.31"]

1. e4 e5 2. Nf3 Nc6 3. d4 exd4 4. Nxd4 Bc5 5. Be3 Qf6 6. c3 Nge7 7. Qa4 Ne5 8.
Be2 O-O 9. O-O d5 10. Nd2 c6 11. Kh1 Qg6 12. f4 Ng4 13. f5 Qh5 14. h3 Bxd4 15.
Bxg4 1-0

[Event "aut_ychg1618 Bad Ischl"]
[Site "?"]
[Date "2007.04.04"]
[Round "7.3"]
[White "Kessler, Michaela"]
[Black "Mosshammer, Maria"]
[Result "1-0"]
[WhiteElo "1619"]
[BlackElo "1535"]
[PlyCount "61"]
[EventDate "2007.03.31"]

1. e4 e5 2. Nf3 Nc6 3. Nc3 Bc5 4. Nxe5 Nxe5 5. d4 Bxd4 6. Qxd4 d6 7. Be2 Nf6 8.
Bg5 h6 9. Bh4 Be6 10. f4 Nc6 11. Bb5 Rg8 12. Bxc6+ bxc6 13. Bxf6 gxf6 14. Rg1
Qe7 15. O-O-O Kf8 16. Qe3 Rh8 17. Rde1 a6 18. Rgf1 Re8 19. Qa7 Bc8 20. Qd4 Rg8
21. Qf2 Qd8 22. Qh4 Rh8 23. Rd1 Re6 24. Rd3 a5 25. Rfd1 Ba6 26. R3d2 h5 27. g4
Rh6 28. gxh5 Ke7 29. e5 Bc8 30. Re2 d5 31. f5 1-0

[Event "aut_ychg1618 Bad Ischl"]
[Site "?"]
[Date "2007.04.04"]
[Round "7.4"]
[White "Froewis, Annika"]
[Black "Buchner, Judith"]
[Result "1-0"]
[WhiteElo "1785"]
[BlackElo "1648"]
[PlyCount "49"]
[EventDate "2007.03.31"]

1. e4 c6 2. d4 d5 3. e5 Bf5 4. g4 Bg6 5. h4 h5 6. e6 Qd6 7. exf7+ Bxf7 8. g5 g6
9. Ne2 Bg7 10. Nd2 Nd7 11. Nb3 O-O-O 12. Bh3 Kb8 13. Be3 e6 14. Qd3 Ne7 15.
O-O-O Ka8 16. Rhe1 Rhe8 17. Bf4 e5 18. Bxd7 Rxd7 19. dxe5 Bxe5 20. Bxe5 Qxe5
21. Kb1 Qf5 22. Qg3 Bg8 23. Ned4 Qf7 24. Nc5 Rdd8 25. Nde6 1-0

[Event "aut_ychg1618 Bad Ischl"]
[Site "?"]
[Date "2007.04.04"]
[Round "7.6"]
[White "Steininger, Barbara"]
[Black "Posch, Stefanie"]
[Result "0-1"]
[WhiteElo "1501"]
[BlackElo "1424"]
[PlyCount "98"]
[EventDate "2007.03.31"]

1. d4 d5 2. Nf3 Nf6 3. c4 e6 4. Nc3 Be7 5. Bg5 O-O 6. e3 Nbd7 7. Bd3 dxc4 8.
Bxc4 a6 9. a4 b6 10. O-O Bb7 11. Rc1 Ne4 12. Bxe7 Qxe7 13. Nxe4 Bxe4 14. Bd3
Bxd3 15. Qxd3 c5 16. Rc2 Rfd8 17. Rfc1 cxd4 18. exd4 e5 19. Qe4 Re8 20. Re1 f6
21. Rc7 Rad8 22. h4 Qd6 23. Rcc1 exd4 24. Qxd4 Rxe1+ 25. Rxe1 Qxd4 26. Nxd4 Nc5
27. Ne6 Nxe6 28. Rxe6 Rb8 29. Kf1 Kf7 30. Rc6 Kg6 31. g4 a5 32. Ke2 h6 33. f4
b5 34. b3 bxa4 35. bxa4 Rb4 36. Kf3 Rxa4 37. Ra6 Ra1 38. h5+ Kh7 39. g5 fxg5
40. fxg5 hxg5 41. Kg4 Rg1+ 42. Kh3 g4+ 43. Kh2 Ra1 44. Kg3 Ra4 45. Rg6 Ra1 46.
Rg5 a4 47. Ra5 a3 48. Kxg4 a2 49. Kh3 Rh1+ 0-1

[Event "aut_ychg1618 Bad Ischl"]
[Site "?"]
[Date "2007.04.04"]
[Round "7.7"]
[White "Kirchmair, Katharina"]
[Black "Konrad, Jasmin"]
[Result "0-1"]
[WhiteElo "1294"]
[BlackElo "1593"]
[PlyCount "106"]
[EventDate "2007.03.31"]

1. e4 e5 2. Nf3 Nc6 3. Bc4 Bc5 4. Nc3 d6 5. h3 Nf6 6. d3 h6 7. Be3 Bxe3 8. fxe3
a6 9. a3 Be6 10. Bd5 Bxd5 11. Nxd5 Nxd5 12. exd5 Ne7 13. c4 Qd7 14. Qc2 O-O 15.
O-O-O Nf5 16. Rhe1 Rac8 17. e4 Ne7 18. Qb3 b5 19. Re2 f5 20. Nd2 Kh8 21. Kb1 f4
22. h4 c6 23. Rf1 c5 24. Qd1 Rb8 25. Ref2 Rfd8 26. b3 a5 27. Rg1 a4 28. Ka2 Rb7
29. Nb1 Rdb8 30. Rb2 axb3+ 31. Rxb3 bxc4 32. dxc4 Rxb3 33. Qxb3 Rxb3 34. Kxb3
Qb7+ 35. Kc2 Qa6 36. Kd3 Nc8 37. Rc1 Nb6 38. Rc2 Kh7 39. Rc3 Qa4 40. Rc2 g6 41.
Rb2 Qxc4+ 42. Kd2 Qd4+ 43. Kc1 Na4 44. Rb7+ Kg8 45. Nd2 Qc3+ 46. Kd1 Nb2+ 47.
Ke2 Qd3+ 48. Ke1 Qe3+ 49. Kf1 Qxd2 50. Rb6 Nd3 51. Kg1 Qf2+ 52. Kh2 Ne1 53. Kh3
Qxg2# 0-1

[Event "aut_ychg1618 Bad Ischl"]
[Site "?"]
[Date "2007.04.04"]
[Round "7.8"]
[White "Reder, Lisa"]
[Black "Steininger, Sandra"]
[Result "1-0"]
[WhiteElo "1512"]
[BlackElo "1582"]
[PlyCount "41"]
[EventDate "2007.03.31"]

1. e4 e6 2. d4 d5 3. Nc3 Bb4 4. e5 Be7 5. Nf3 c5 6. Be3 Nd7 7. Bb5 cxd4 8. Qxd4
a6 9. Be2 Qc7 10. O-O h6 11. b4 f6 12. Bf4 f5 13. Bd3 g5 14. Bxf5 gxf4 15. Bxe6
Qc4 16. Nxd5 Qxd4 17. Nxd4 Kd8 18. Bxg8 Rxg8 19. Ne6+ Ke8 20. Nec7+ Kf7 21. e6+
1-0